| 000 | 00736ntaaa2200217 4500 | ||
|---|---|---|---|
| 003 | 01 | ||
| 005 | 20251027201803.0 | ||
| 008 | 0714s1973 ag 01 | ||
| 020 | _a0899222447 | ||
| 040 |
_aAR-BaBN _bspa _cAR-BaBN _eaacr _dRIC |
||
| 082 | _a241.63 R14p | ||
| 100 | _aRamos, Marcos Antonio | ||
| 245 |
_aPastoral del divorcio en la historia de la iglesia / _cMarcos Antonio Ramos |
||
| 260 |
_aMiami : _bEdit. Caribe, _cc1988 |
||
| 300 |
_a198 p. ; _c21 cm. |
||
| 500 | _aBibliografĂa: p. 187-198 | ||
| 520 | _a"Un estudio de las distintas posiciones acerca del divorcio y el nuevo matrimonio que han sido adoptadas a través de la historia del cristianismo" | ||
| 650 |
_aDIVORCIO _93992 |
||
| 650 |
_aHISTORIA _9175 |
||
| 942 | _cBK | ||
| 999 |
_c12510 _d12510 |
||